1868 1818 1991 1901 1629 1087 1101 1458 1343 1136 1503 1756 1663 1253 1215 1176 1573 1733 1307 1947 1193 1188 1112 1932 1051 1313 1657 1582 1367 1357 1781 1666 1526 1918 1031 1770 1899 1519 1604 1466 1519 1210 1848 1494 1628 1798 1384 1762 1862 1745 1544 1117 1472 1452 1087 1732 1698 1781 1735 1760 1126 1772 1020 1422 1213 1775 1681 1198 1529 1229 1569 1221 1904 1811 1278 1001 1128 1917 1306 1031 1505 1276 1699 1339 1125 1843 1531 1961 1067 1073 1342 1750 1848 1619 1004 1674 1457 1696 1424 BCNSPRNW ULIB Ver.6.0+V

เปลี่ยนเป็นภาษาไทย

Change to English
 แสดงรายละเอียดบรรณานุกรม
  กลับหน้าหลัก

Brief Record : Get Marc (ISO 2709) : E-mail record : QR code < ปิดหน้าต่าง
LEADER : 00000nam 2200000uu 4500
001    13399121342
003     ULIB
008    121115s2550||||th 000 0 tha d
020    ^a9789749741993
050 04  ^aT385^bบ444i
100 0  ^aบุญญาดา ช้อนขุนทด
245 1  ^aInsight illustrator CS3 /^cบุญญาดา ช้อนขุนทด
260    ^aกรุงเทพ :^bโปรวิชั่น,^c2550
300    ^a416 หน้า :^bภาพประกอบสี ;^c22 ซม. +^e1 computer optical disc (4 3/4 นิ้ว)
590    ^aThaiLIS Union Catalog 190608.
650    ^aคอมพิวเตอร์กราฟิก
650    ^aโปรแกรมคอมพิวเตอร์
650    ^aอโดบีอิลลัสเตรเตอร์ ซีเอส
902    ^a100111
907    ^a.b12267855^bmulti^c-
945    ^p299^l0^i15519
998    ^a ^b0^c390619^dm^eb^f-^g0
999    ^aวิภา
รายการนี้ยังไม่มีแท็ก
คุณยังไม่ได้ล็อกอิน คุณสามารถมีกิจกรรมร่วมกับเว็บไซต์ได้ แต่ต้องล็อกอินก่อน ::
  ล็อกอิน

รายการสื่อสารสนเทศ

ลำดับที่ ประเภท เลขเรียก/บาร์โค้ด สถานที่ สถานะ
1. วิทยาศาสตร์การแพทย์ และสุขภาพ
วิทยาศาสตร์การแพทย์ และสุขภาพ
T385 บ444i  
  Barcode: 15519
ห้องสมุดวิทยาเขตสวรรค์ประชารักษ์
►หนังสือทั่วไป
บนชั้น

รายการใกล้เคียง
    หัวเรื่อง [คอมพิวเตอร์กราฟิก]
    หัวเรื่อง [โปรแกรมคอมพิวเตอร์]

BibComment


ยังไม่เคยถูกคอมเมนท์

คอมเมนท์ทรัพยากรรายการนี้
  คอมเมนท์: Insight illustra..


 Copyright 2026. Bcnsprnw @Library